000 00610nam a2200193 a 4500
005 20240215063819.0
008 991125s1954 cu 000 0 spa u
035 _aUPN01000000930
049 _aCG
050 4 _aHF5500
_bM6.2
100 1 _aMontiel, F. Félix
245 1 0 _aAdministración y "self-government" :
_buna experiencia cubana /
_cF. Félix Montiel.
260 _aSantiago de Cuba :
_bUniversidad de Oriente,
_c1954.
300 _a162 p.
500 _a"Publicaciones de la Facultad de Derecho y Ciencias Comerciales"
650 4 _aAdministración
_928
650 4 _aAutocontrol
_92903
905 _aLibro
999 _c930
_d930